00538 2200217 4500001002100000005001700021020001800038035002500056082000800081090001400089090001400103100001200117245005900129260002800188300002700216650001400243850001200257990001700269990001700286990001700303YOGYA00000000001395520151103173701.0 a979-456-247-5 a0010-081400000013673 a332 a332 Kun G a332 Kun G aKunarjo aGlosarium ekonomi, keuangan dan pembangunanc/ KUNARJO aJakartabUi Pressc2003 aiv, 352 hlm.c; 23 cm. aGlosarium aYOPDYOG a5473-PD/A.05 a5471-PD/A.05 a5474-PD/A.05